000 00371 a2200169 4500
001 15347
020 _a9788526020481
040 _cAnchieta - Aquarius
100 _aBrandão, Ignácio de Loyola
240 1 0 _aManifesto verde
_l
245 1 0 _aManifesto verde
300 _a125
362 0 _a2014
440 1 _aGlobal
650 4 _aLiteratura brasileira
942 _cBK
999 _c15347
_d15347